| 000 | 00603nam a2200181Ia 4500 | ||
|---|---|---|---|
| 008 | 090124s9999 xx 000 0 und d | ||
| 082 | _b39776 | ||
| 100 | _aस्वामी आनंदऋषी | ||
| 245 | _a मला उमजलेले ओशो | ||
| 250 | _a1 | ||
| 260 |
_bउन्मेष प्रकाशन _c2002 |
||
| 300 | _a325 | ||
| 600 | _aस्वामी आनंदऋषी | ||
| 630 | _a मला उमजलेले ओशो | ||
| 700 | _aस्वामी आनंदऋषी | ||
| 730 | _a मला उमजलेले ओशो | ||
| 942 | _cBOOK | ||
| 999 |
_c100113 _d100113 |
||